00505nam a2200193Ia 4500008004100000020001800041050001400059100001500073245006000088245004500148260001500193260001600208260000900224300001400233300002700247300001000274440001900284500000800303170918s9999 xx 000 0 und d a9781403772985 bR823 2010 aRoss, Anna aGrover's 10 terrific ways to help our wonderful world / cby Anna Ross ; illustrated by Tom Leigh. aNew York : bScholastic, c2010 aunpaged : bcolored illustration ; c20cm. aSesame street. a630